[Event "Bagneux"]
[Site "Bagneux"]
[Date "1993.??.??"]
[Round "7"]
[White "Derrieux, Christian"]
[Black "Benoit, Michel"]
[Result "1-0"]
[WhiteElo "2285"]
[BlackElo "2250"]
[PlyCount "82"]
[EventDate "1993.??.??"]
[EventType "tourn"]
[EventRounds "9"]
[EventCountry "FRA"]
[EventCategory "3"]
[SourceTitle "EXT 1997"]
[Source "ChessBase"]
[SourceDate "1996.11.15"]
[SourceVersion "1"]
[SourceVersionDate "1996.11.15"]
[SourceQuality "1"]

1. d4 d6 2. c4 e5 3. Nc3 exd4 4. Qxd4 Nc6 5. Qd2 Nf6 6. g3 Be6 7. Nd5 g6 8. b3 Bg7 9. Bb2 0-0 10. Bg2 Re8 11. Nf3 Ne4 12. Qc1 Bxd5 13. Bxg7 Kxg7 14. cxd5 Nb4 15. Qc4 Nc5 16. 0-0 a5 17. a3 Nba6 18. Nd2 Qf6 19. b4 axb4 20. axb4 b5 21. Qxb5 Rab8 22. Qc4 Rxb4 23. Qc1 Rxe2 24. Nc4 Nb3 25. Qd1 Nd4 26. Ne3 Nc5 27. Ra7 h5 28. Rxc7 Rbb2 29. Nc4 Ra2 30. Nxd6 Rxf2 31. Rxf7+ Qxf7 32. Qxd4+ Qf6 33. Qxf6+ Kxf6 34. Rxf2+ Rxf2 35. Kxf2 Ke5 36. Nb5 Nd7 37. Ke3 Nf6 38. h3 h4 39. g4 g5 40. Nd4 Nxd5+ 41. Bxd5 Kxd5 1-0

[Event "Bagneux"]
[Site "Bagneux"]
[Date "1993.??.??"]
[Round "9"]
[White "Derrieux, Christian"]
[Black "Urban, Klaudiusz"]
[Result "0-1"]
[WhiteElo "2285"]
[BlackElo "2450"]
[PlyCount "46"]
[EventDate "1993.??.??"]
[EventType "tourn"]
[EventRounds "9"]
[EventCountry "FRA"]
[EventCategory "3"]
[SourceTitle "EXT 1997"]
[Source "ChessBase"]
[SourceDate "1996.11.15"]
[SourceVersion "1"]
[SourceVersionDate "1996.11.15"]
[SourceQuality "1"]

1. d4 Nf6 2. c4 g6 3. Nc3 Bg7 4. e4 d6 5. f3 0-0 6. Be3 c5 7. dxc5 dxc5 8. Qxd8 Rxd8 9. Bxc5 Nc6 10. Be2 b6 11. Be3 Ba6 12. c5 Bxe2 13. Kxe2 bxc5 14. Bxc5 Nd7 15. Be3 Rab8 16. Nd1 Bxb2 17. Rb1 Bg7 18. Rxb8 Rxb8 19. Nh3 Rb1 20. a3 Ra1 21. Ndf2 Ra2+ 22. Bd2 Nd4+ 23. Ke3 Rxa3+ 0-1